00728nam a22002057a 45000050016000000100015000160200011000310350013000420370013000550820016000681000034000842450083001182500026002012600036002272700049002633000022003129420030003349990017003649520141003812010081400340.0 aENG-100409 c110.00 aEN-83942 bDBAD/PUB a346.5491096 aJhabvala, Noshirvan H.913916 aThe negotiable instruments act :bact xxvi of 1881 /cby Noshirvan H. Jhabvala a23 rev & inlarged ed. aMumbaibC. Jamnadas & Co.c2008 a146-c, Shamaldas Gandhi MargbMumbaie400002 a152p.c23cm (pbk) 2ddccENh346.5491096mJHA c41888d41888 001040718NFICaDBADbDBADd2010-08-14eDBAD/PUBg110.00l0o346.5491096 JHApEN-83942r2010-08-14 00:00:00t1v110.00w2010-08-14yEN